Statistiken für Deutsche Landeshauptstädte - Einwohnerzahlen

Klicken Sie hier um das Quiz zu spielen!

Allgemein

  • Dieses Quiz wurde 317 mal gespielt
  • Das Durchschnittsergebnis liegt bei 14 aus 16

Antwortstatistiken

EinwohnerzahlLandeshauptstädte% Korrekt
3.520.031Berlin
100%
1.780.288Hamburg
99%
1.450.381München
99%
612.441Stuttgart
93%
612.178Düsseldorf
91%
543.825Dresden
85%
532.163Hannover
84%
557.464Bremen
83%
96.800Schwerin
83%
210.118Erfurt
81%
243.148Kiel
81%
178.151Saarbrücken
80%
276.218Wiesbaden
80%
167.745Potsdam
77%
209.779Mainz
76%
232.306Magdeburg
75%

Verteilung der Resultate

Perzentil nach korrekt beantworteten Fragen

Anzahl Personen mit jedem Resultat

Ihre Resultats-Entwicklung

Sie haben dieses Quiz noch nicht gespielt